Statistics for World Capitals about 10,000 km away along Parallel from Greenwich Meridian, with Map

Click here to take the quiz!

General Stats

  • This quiz has been taken 41 times
  • The average score is 17 of 25

Answers on the Map

Answers color-coded by a green-red scale on the quiz's map according to % correct below.
 

Answer Stats

D (km)Capital% Correct
10,216 Mexico City
87%
11,075 Tokyo
84%
10,760 Bangkok
82%
10,071 Seoul
82%
9,066 Beijing
79%
10,720 Hanoi
79%
9,752 Pyongyang
79%
9,578 San Salvador
71%
11,557 Singapore
71%
11,564 Canberra
68%
9,669 Guatemala City
68%
11,297 Kuala Lumpur
68%
8,725 Panama City
66%
9,190 San José
66%
11,350 Phnom Penh
63%
10,675 Vientiane
63%
9,025 Dhaka
61%
9,339 Managua
61%
9,349 Tegucigalpa
58%
10,844 Wellington
58%
9,334 Belmopan
55%
8,739 Quito
55%
8,625 Thimphu
53%
8,812 Colombo
50%
9,898 Naypyidaw
50%

Score Distribution

Percentile by Number Answered

Percent of People with Each Score

Your Score History

You have not taken this quiz